00827nam a22002177a 45000010005000000030006000050050017000110080041000280200018000690400029000870820008001161000022001242450038001462600043001843000047002275050007002745200241002815210027005225210018005496500042005678382FISKH20250910112308.0250910b cb ||||| |||| 00| 0 eng d a9780448454078 aFISKHbengcFISKHdFISKH a813 aDinsmore, Sheila  aThe big game : Sticker stories /  aNew York : bGrosset & Dunlap, c2010. a16 pages : bcolor illustrations ; c28 cm aH  aWhyatt is having a hard time playing baseball, so the Super Readers fly into the story The Big Game and show a struggling soccer team that practice is the key to improving. Now Whyatt knows what he needs to do to get better at baseball!8 a430 bLexile estimate 8 aH bRaz-Plus  aTeamwork vFriendship xCompetition